Fun and games (Record no. 82003)

MARC details
000 -LEADER
fixed length control field 00832cab a22002055a 4500
001 - CONTROL NUMBER
control field L148919
008 - FIXED-LENGTH DATA ELEMENTS--GENERAL INFORMATION
fixed length control field 091130e20091031xxka f 000 0 eng d
035 ## - SYSTEM CONTROL NUMBER
System control number (Sirsi) u148919
041 0# - LANGUAGE CODE
Language code of text/sound track or separate title eng
100 1# - MAIN ENTRY--PERSONAL NAME
Personal name Pinnock, Roy
245 00 - TITLE STATEMENT
Title Fun and games
260 ## - PUBLICATION, DISTRIBUTION, ETC.
Date of publication, distribution, etc. 2009
490 ## - SERIES STATEMENT
Series statement Estates Gazette
Volume/sequential designation (0942) 31 October 2009, 94-96(3)
520 ## - SUMMARY, ETC.
Summary, etc. Examines two decisions taken by inspectors regarding town and village greens. Suggests that recent changes give more power to those who contest a development but may prevent approved schemes from being carried out. Proposes some required changes to prevent current rules from disqualifying schemes that could otherwise be eligible.
590 ## - LOCAL NOTE (RLIN)
Local note KA
650 24 - SUBJECT ADDED ENTRY--TOPICAL TERM
Topical term or geographic name entry element COMMONS ACT 2006
651 #4 - SUBJECT ADDED ENTRY--GEOGRAPHIC NAME
Geographic name England and Wales
Chronological subdivision 1543-
690 ## - LOCAL SUBJECT ADDED ENTRY--TOPICAL TERM (OCLC, RLIN)
Topical term or geographic name as entry element Planning and development
9 (RLIN) 6259
942 ## - ADDED ENTRY ELEMENTS (KOHA)
Suppress in OPAC 0
Holdings
Withdrawn status Lost status Source of classification or shelving scheme Damaged status Not for loan Home library Current library Shelving location Date acquired Total Checkouts Full call number Barcode Date last seen Copy number Price effective from Koha item type
    Dewey Decimal Classification     London London Journal article 30/11/2009   L148919 148919-1001 06/08/2019 1 06/08/2019 Journal article